[Event "Bundesliga 0708"]
[Site "Germany"]
[Date "2008.03.08"]
[Round "10.5"]
[White "Moser, Eva"]
[Black "Bindrich, Falko"]
[Result "1-0"]
[WhiteElo "2412"]
[BlackElo "2512"]
[PlyCount "41"]
[EventDate "2007.10.20"]
[EventType "team-tourn"]
[EventRounds "15"]
[EventCountry "GER"]
[SourceTitle "CBM 123"]
[Source "ChessBase"]
[SourceDate "2008.04.02"]
[SourceVersion "1"]
[SourceVersionDate "2008.04.02"]
[SourceQuality "1"]
[WhiteTeam "Kreuzberg"]
[BlackTeam "Bindlach"]
[WhiteTeamCountry "GER"]
[BlackTeamCountry "GER"]

1. e4 e5 2. Nf3 Nc6 3. c3 Nf6 4. d4 exd4 5. e5 Ne4 6. Qe2 f5 7. exf6 d5 8. Nxd4
Nxd4 9. cxd4 Bb4+ 10. Bd2 Bxd2+ 11. Nxd2 O-O 12. Nxe4 dxe4 13. fxg7 Kxg7 14.
Qe3 Be6 15. Be2 c5 16. Qg3+ Kh6 17. Qe3+ Kg7 18. Qg3+ Kh6 19. d5 Bxd5 20. O-O-O
Rf5 21. Bc4 1-0

[Event "CZE-ch Juniors op-A"]
[Site "Sec u Chrudimi"]
[Date "2008.03.08"]
[Round "1"]
[White "Sladek, Jaroslav"]
[Black "Fusek, Lukas"]
[Result "1-0"]
[WhiteElo "2046"]
[BlackElo "1816"]
[PlyCount "47"]
[EventDate "2008.03.08"]
[EventType "swiss"]
[EventRounds "9"]
[EventCountry "CZE"]
[SourceTitle "EXT 2009"]
[Source "ChessBase"]
[SourceDate "2008.11.26"]
[SourceVersion "1"]
[SourceVersionDate "2008.11.26"]
[SourceQuality "1"]

1. e4 e5 2. Nf3 Nc6 3. c3 Nf6 4. d4 exd4 5. e5 Nd5 6. cxd4 d6 7. Bb5 Bd7 8. O-O
Be7 9. exd6 Bxd6 10. Re1+ Nce7 11. Qb3 Nb6 12. Ne5 Bxe5 13. dxe5 Bxb5 14. Qxb5+
Qd7 15. Nc3 Qxb5 16. Nxb5 Ned5 17. b3 a6 18. Nd4 Rd8 19. Bg5 Rd7 20. e6 fxe6
21. Nxe6 Kf7 22. Nc5 Rd6 23. Nxb7 Rc6 24. Nd8+ 1-0

[Event "Como Primavera op"]
[Site "Como"]
[Date "2008.03.07"]
[Round "4"]
[White "Pede, Lucio"]
[Black "Canali, Marco"]
[Result "0-1"]
[WhiteElo "1664"]
[BlackElo "1862"]
[PlyCount "34"]
[EventDate "2008.02.15"]
[EventType "swiss"]
[EventRounds "7"]
[EventCountry "ITA"]
[SourceTitle "EXT 2009"]
[Source "ChessBase"]
[SourceDate "2008.11.26"]
[SourceVersion "1"]
[SourceVersionDate "2008.11.26"]
[SourceQuality "1"]

1. e4 e5 2. Nf3 Nc6 3. c3 Nf6 4. d3 d5 5. exd5 Nxd5 6. d4 Bg4 7. Be2 Bxf3 8.
Bxf3 exd4 9. Qb3 Nb6 10. Bxc6+ bxc6 11. cxd4 Bd6 12. Be3 Nd5 13. Nd2 O-O 14.
O-O Rb8 15. Qc4 Rxb2 16. Nb3 Nxe3 17. fxe3 Qh4 0-1

[Event "Scarborough CC-ch reserves"]
[Site "Toronto"]
[Date "2008.03.06"]
[Round "10"]
[White "Verde, Pino"]
[Black "Moran Venegas, Mario"]
[Result "0-1"]
[WhiteElo "1677"]
[BlackElo "1693"]
[PlyCount "91"]
[EventDate "2008.01.03"]
[EventType "swiss"]
[EventRounds "10"]
[EventCountry "CAN"]
[SourceTitle "EXT 2011"]
[Source "ChessBase"]
[SourceDate "2010.11.26"]
[SourceVersion "1"]
[SourceVersionDate "2010.11.26"]
[SourceQuality "1"]

1. e4 e5 2. Nf3 Nc6 3. c3 d6 4. Bb5 Nf6 5. Qa4 Bd7 6. O-O Be7 7. Re1 O-O 8. d4
a6 9. Bxc6 Bxc6 10. Qc2 exd4 11. cxd4 b5 12. d5 Bb7 13. Nd4 Nd7 14. Qe2 Rc8 15.
Nc3 Bf6 16. Nf5 Ne5 17. Nd1 Re8 18. Nde3 Ng6 19. Qg4 c5 20. Bd2 Bxb2 21. Rab1
Be5 22. h4 Ne7 23. Nxe7+ Qxe7 24. Nf5 Qf8 25. Bg5 Kh8 26. h5 Rc7 27. f4 Bd4+
28. Nxd4 cxd4 29. f5 f6 30. Bd2 Rec8 31. Bb4 Rc2 32. Qg3 Rd8 33. Rbc1 Rxc1 34.
Rxc1 Rd7 35. Qd3 Qe8 36. Qxd4 Qe5 37. Qb6 h6 38. Qa7 Qxe4 39. Qb8+ Kh7 40. Re1
Qxd5 41. Re2 Qd4+ 42. Kh1 Qd1+ 43. Re1 Qxh5+ 44. Kg1 Qg4 45. Qxb7 Rxb7 46. Bd2
0-1

[Event "Reykjavik op 23rd"]
[Site "Reykjavik"]
[Date "2008.03.05"]
[Round "3"]
[White "Thorsteinsson, Arnar"]
[Black "Arngrimsson, Dagur"]
[Result "0-1"]
[WhiteElo "2255"]
[BlackElo "2359"]
[PlyCount "113"]
[EventDate "2008.03.03"]
[EventType "swiss"]
[EventRounds "9"]
[EventCountry "ISL"]
[SourceTitle "CBM 123 Extra"]
[Source "ChessBase"]
[SourceDate "2008.05.06"]
[SourceVersion "1"]
[SourceVersionDate "2008.05.06"]
[SourceQuality "1"]

1. e4 e5 2. Nf3 Nc6 3. c3 Nf6 4. d4 exd4 5. e5 Ne4 6. Bb5 dxc3 7. O-O Be7 8.
Re1 cxb2 9. Bxb2 Nc5 10. Nc3 a6 11. Bc4 b5 12. Bd5 Bb7 13. Qe2 b4 14. Ne4 Ne6
15. Rad1 Qc8 16. Qd2 a5 17. Ng3 Ncd8 18. Nf5 Bf8 19. Rc1 Bxd5 20. Qxd5 Qb7 21.
Qc4 Nc6 22. Red1 Rd8 23. Rd5 a4 24. Ne3 a3 25. Ba1 Be7 26. Rb5 Qa6 27. Nd5 Na5
28. Nxb4 Qa8 29. Qf1 Qa7 30. Nd3 O-O 31. Qe2 Rb8 32. Rbb1 Qa6 33. Nf4 Qxe2 34.
Nxe2 f6 35. exf6 Bxf6 36. Bxf6 gxf6 37. Nc3 c6 38. Rxb8 Rxb8 39. Rb1 Rb2 40.
Rxb2 axb2 41. Kf1 d5 42. Ke1 d4 43. Nb1 c5 44. Kd2 c4 45. Nxd4 Nxd4 46. Kc3
Ne2+ 47. Kxb2 Kf7 48. Kc2 Ke6 49. Kd2 Nf4 50. g3 Nd5 51. f3 Ke5 52. h4 Kd4 53.
Na3 c3+ 54. Ke2 Ke5 55. Kd3 Nc6 56. g4 Nd4 57. f4+ 0-1

[Event "Subotica-ch"]
[Site "Subotica"]
[Date "2008.03.03"]
[Round "7"]
[White "Kosa, Jeno"]
[Black "Arbutina, Sinisa"]
[Result "1/2-1/2"]
[WhiteElo "2136"]
[BlackElo "2271"]
[PlyCount "161"]
[EventDate "2008.02.18"]
[EventType "swiss"]
[EventRounds "9"]
[EventCountry "YUG"]
[SourceTitle "CBM 123 Extra"]
[Source "ChessBase"]
[SourceDate "2008.05.06"]
[SourceVersion "1"]
[SourceVersionDate "2008.05.06"]
[SourceQuality "1"]

1. e4 e5 2. Nf3 Nc6 3. c3 Nf6 4. d4 Nxe4 5. d5 Nb8 6. Bd3 Nc5 7. Nxe5 Nxd3+ 8.
Nxd3 Be7 9. O-O d6 10. Qf3 O-O 11. Re1 Nd7 12. Nd2 Re8 13. Nf1 Bf6 14. Rxe8+
Qxe8 15. Bf4 Nf8 16. Ng3 Ng6 17. Nh5 Be7 18. h3 Bd7 19. Re1 Qf8 20. c4 Re8 21.
Bd2 Bd8 22. Bc3 Rxe1+ 23. Nxe1 f6 24. Qe3 b6 25. Ng3 Qf7 26. Nc2 Ne5 27. b3 Qg6
28. Nd4 Qb1+ 29. Kh2 Qd3 30. Bd2 Qxe3 31. Bxe3 c5 32. dxc6 Nxc6 33. Nb5 Nb4 34.
Bd2 Nd3 35. Nxd6 Bc7 36. Nde4 f5 37. Nc3 Nxf2 38. Be3 Nd3 39. Nd5 Bd6 40. Bd2
Be6 41. h4 Kf7 42. Nc3 Nf2 43. Nce2 Nd3 44. Kg1 g6 45. Bc3 Bc8 46. Nf1 f4 47.
Nd2 Bb7 48. Nf3 h6 49. Kf1 Be4 50. Nd2 Bb7 51. Nd4 Be7 52. N4f3 g5 53. hxg5
hxg5 54. Ne5+ Nxe5 55. Bxe5 Ke6 56. Bb8 a6 57. Bc7 Bc5 58. Nf3 Kf5 59. Ne5 Be4
60. Nd7 Bd3+ 61. Ke1 Bb4+ 62. Kf2 b5 63. Ne5 Bc5+ 64. Ke1 Be4 65. cxb5 axb5 66.
Kf1 b4 67. Nd7 Bd4 68. Ba5 Bc6 69. Nb6 Bc5 70. Na4 Bd6 71. Bb6 Ke5 72. Bc5 Bxa4
73. Bxd6+ Kxd6 74. bxa4 g4 75. Ke2 Kc5 76. Kd3 Kb6 77. Ke4 f3 78. gxf3 gxf3 79.
Kxf3 Ka5 80. Ke3 Kxa4 81. Kd3 1/2-1/2

[Event "BEL-chT 0708"]
[Site "Belgium"]
[Date "2008.03.02"]
[Round "10"]
[White "Zaitsev, Mikhail"]
[Black "Goossens, Etienne"]
[Result "1-0"]
[WhiteElo "2476"]
[BlackElo "2302"]
[PlyCount "81"]
[EventDate "2007.09.30"]
[EventType "team"]
[EventRounds "11"]
[EventCountry "BEL"]
[SourceTitle "EXT 2009"]
[Source "ChessBase"]
[SourceDate "2008.11.26"]
[SourceVersion "1"]
[SourceVersionDate "2008.11.26"]
[SourceQuality "1"]

1. e4 e5 2. Nf3 Nc6 3. c3 d5 4. Qa4 Nf6 5. Nxe5 Bd6 6. Nxc6 bxc6 7. d3 O-O 8.
Be2 Re8 9. Nd2 c5 10. O-O Rb8 11. Bf3 Bd7 12. Qd1 Rb6 13. g3 c6 14. Re1 h5 15.
b3 h4 16. Nf1 c4 17. bxc4 dxe4 18. dxe4 Be5 19. Re3 Qc8 20. Ba3 c5 21. Rd3 Bh3
22. Ne3 hxg3 23. hxg3 Nh7 24. Bg4 Bxg4 25. Qxg4 Qb8 26. Nf5 Rg6 27. Qe2 Nf6 28.
Bxc5 Qb7 29. Re1 Bb8 30. Qf3 Ng4 31. Rd8 Rxd8 32. Ne7+ Qxe7 33. Bxe7 Rd2 34.
Bc5 Ne5 35. Qf5 Nd3 36. Re3 Nxc5 37. Qxc5 Bd6 38. Qc8+ Kh7 39. e5 Be7 40. Rf3
f6 41. exf6 1-0

[Event "Mittelfrankenliga-B2b 0708"]
[Site "Mittelfranken"]
[Date "2008.03.02"]
[Round "7.8"]
[White "Tietze, Manfred"]
[Black "Koehl, Marco"]
[Result "0-1"]
[WhiteElo "1778"]
[BlackElo "1517"]
[PlyCount "71"]
[EventDate "2007.10.14"]
[EventType "team-tourn"]
[EventRounds "9"]
[EventCountry "GER"]
[SourceTitle "EXT 2011"]
[Source "ChessBase"]
[SourceDate "2010.11.26"]
[SourceVersion "1"]
[SourceVersionDate "2010.11.26"]
[SourceQuality "1"]
[WhiteTeam "Muehlhof"]
[BlackTeam "Rothenburg"]
[WhiteTeamCountry "GER"]
[BlackTeamCountry "GER"]

1. e4 e5 2. Nf3 Nc6 3. c3 d6 4. d4 Bd7 5. d5 Nce7 6. Bg5 f6 7. Bh4 c6 8. dxc6
Bxc6 9. Nbd2 Qc7 10. b4 g5 11. Bg3 h5 12. h3 O-O-O 13. b5 Bd7 14. c4 g4 15. Nh4
Bh6 16. hxg4 hxg4 17. Be2 Qa5 18. Qc2 f5 19. Rd1 f4 20. Bh2 Bg5 21. Nf5 Nxf5
22. exf5 g3 23. O-O Rxh2 24. Ne4 Be7 25. fxg3 fxg3 26. Nxd6+ Bxd6 27. Rxd6 Ne7
28. Bg4 Qa3 29. Rdd1 Qe3+ 30. Rf2 Rdh8 31. Bh3 R8xh3 32. gxh3 Rxf2 33. Qd3 Qxd3
34. Rxd3 Bxf5 35. Rxg3 Rxa2 36. Rc3 0-1

[Event "SLO-ch U12"]
[Site "Postojna"]
[Date "2008.03.01"]
[Round "9"]
[White "Gnidovec, Tilen"]
[Black "Petrovcic, Peter"]
[Result "1-0"]
[WhiteElo "1500"]
[BlackElo "1500"]
[PlyCount "79"]
[EventDate "2008.02.24"]
[EventType "swiss"]
[EventRounds "9"]
[EventCountry "SLO"]
[SourceTitle "EXT 2010"]
[Source "ChessBase"]
[SourceDate "2009.11.30"]
[SourceVersion "1"]
[SourceVersionDate "2009.11.30"]
[SourceQuality "1"]

1. e4 e5 2. Nf3 Nc6 3. c3 Nf6 4. d4 exd4 5. e5 Nd5 6. cxd4 d6 7. Bb5 Bd7 8. Qb3
Nce7 9. Bxd7+ Qxd7 10. Qxb7 Nb6 11. Qe4 d5 12. Qd3 Nf5 13. O-O Be7 14. Bg5 O-O
15. Bxe7 Nxe7 16. Nc3 Nc4 17. b3 Nb6 18. Rfe1 Ng6 19. Ng5 Qg4 20. Qe3 Nf4 21.
g3 Ne6 22. Nxe6 fxe6 23. f4 c6 24. Rf1 Nd7 25. Rf3 c5 26. Raf1 Rac8 27. a4 Qf5
28. Nb5 cxd4 29. Qxd4 Rc2 30. Qxa7 Nc5 31. Nd4 Qe4 32. Nxc2 Qxc2 33. Qb6 Rc8
34. b4 Nxa4 35. Qxe6+ Kh8 36. Qxd5 Nc3 37. Qb7 Ne2+ 38. Kh1 Nd4 39. R3f2 Qd3
40. Qxc8# 1-0

[Event "Bled op-A 25th"]
[Site "Bled"]
[Date "2008.02.29"]
[Round "9"]
[White "Praznik, Anton"]
[Black "Jokovic, Dusan"]
[Result "1-0"]
[WhiteElo "2289"]
[BlackElo "2171"]
[PlyCount "101"]
[EventDate "2008.02.23"]
[EventType "swiss"]
[EventRounds "9"]
[EventCountry "SLO"]
[SourceTitle "CBM 122 Extra"]
[Source "ChessBase"]
[SourceDate "2008.03.04"]
[SourceVersion "1"]
[SourceVersionDate "2008.03.04"]
[SourceQuality "1"]

1. e4 e5 2. Nf3 Nc6 3. c3 Nf6 4. d4 exd4 5. e5 Ne4 6. Qe2 Nc5 7. cxd4 Ne6 8.
Qe4 Bb4+ 9. Nc3 O-O 10. Bd3 g6 11. Bh6 Re8 12. O-O d6 13. Bc4 Bxc3 14. bxc3 Ng7
15. Bg5 Qd7 16. Rfe1 dxe5 17. dxe5 Qg4 18. h3 Qxe4 19. Rxe4 Bf5 20. Ree1 Na5
21. Bb5 c6 22. Bf1 Be6 23. Nd2 b5 24. Ne4 Rec8 25. Rad1 a6 26. Nd6 Rc7 27. Ne4
Nb7 28. Rd2 Nf5 29. g4 Ne7 30. Bxe7 Rxe7 31. Nf6+ Kg7 32. f4 Rc8 33. Red1 a5
34. a3 Rec7 35. Bg2 Bb3 36. Rb1 a4 37. Kf2 h6 38. h4 Na5 39. Bf1 Kf8 40. Rd4
Ke7 41. Rb2 Be6 42. Bd3 Nb3 43. Rd6 Rd8 44. f5 gxf5 45. gxf5 Bc8 46. Bb1 Bb7
47. Ba2 Rcc8 48. Ne4 Nc1 49. Ke3 Nxa2 50. f6+ Ke8 51. Rxa2 1-0

[Event "SLO-ch U14"]
[Site "Postojna"]
[Date "2008.02.29"]
[Round "8"]
[White "Lucovnik, Tilen"]
[Black "Grah, Matej"]
[Result "1/2-1/2"]
[WhiteElo "1523"]
[BlackElo "1516"]
[PlyCount "63"]
[EventDate "2008.02.24"]
[EventType "swiss"]
[EventRounds "9"]
[EventCountry "SLO"]
[SourceTitle "EXT 2010"]
[Source "ChessBase"]
[SourceDate "2009.11.30"]
[SourceVersion "1"]
[SourceVersionDate "2009.11.30"]
[SourceQuality "1"]

1. e4 e5 2. Nf3 Nc6 3. c3 Nf6 4. d4 Nxe4 5. d5 Ne7 6. Nxe5 Ng6 7. Nf3 Bc5 8.
Be3 Bxe3 9. fxe3 Ng5 10. Bd3 d6 11. O-O O-O 12. Nbd2 Bg4 13. Qe1 Nxf3+ 14. Nxf3
Bxf3 15. Rxf3 Ne5 16. Rh3 Nxd3 17. Qb1 Qf6 18. Qxd3 Qg6 19. Qxg6 hxg6 20. Re1
Rfe8 21. Rh4 Re5 22. c4 Rae8 23. Kf2 g5 24. Rg4 f6 25. b3 Kf7 26. h4 gxh4 27.
Rxh4 Rf5+ 28. Kg3 Rfe5 29. Kf2 Rf5+ 30. Kg3 Rg5+ 31. Kf3 Ree5 32. e4 1/2-1/2

[Event "SLO-ch U10"]
[Site "Postojna"]
[Date "2008.02.28"]
[Round "7"]
[White "Cretnik, Urban"]
[Black "Markoja, Boris"]
[Result "1/2-1/2"]
[WhiteElo "1511"]
[BlackElo "1549"]
[PlyCount "53"]
[EventDate "2008.02.24"]
[EventType "swiss"]
[EventRounds "9"]
[EventCountry "SLO"]
[SourceTitle "EXT 2010"]
[Source "ChessBase"]
[SourceDate "2009.11.30"]
[SourceVersion "1"]
[SourceVersionDate "2009.11.30"]
[SourceQuality "1"]

1. e4 e5 2. Nf3 Nc6 3. c3 Nf6 4. d4 Nxe4 5. d5 Ne7 6. Nxe5 Ng6 7. Qd4 Qf6 8.
Qxe4 Qxe5 9. Qxe5+ Nxe5 10. Bf4 d6 11. Nd2 Bf5 12. O-O-O Be7 13. Nc4 O-O 14.
Nxe5 dxe5 15. Bxe5 Bc5 16. f3 Be3+ 17. Rd2 Bxd2+ 18. Kxd2 Rad8 19. c4 c6 20. d6
Rfe8 21. Bg3 c5 22. Bd3 Bxd3 23. Kxd3 f6 24. Rd1 h5 25. h4 Re6 26. a3 Kf7 27.
Kc3 1/2-1/2

[Event "SLO-ch U12"]
[Site "Postojna"]
[Date "2008.02.28"]
[Round "7"]
[White "Gnidovec, Tilen"]
[Black "Skvarca, Anze"]
[Result "1-0"]
[WhiteElo "1500"]
[BlackElo "1500"]
[PlyCount "66"]
[EventDate "2008.02.24"]
[EventType "swiss"]
[EventRounds "9"]
[EventCountry "SLO"]
[SourceTitle "EXT 2010"]
[Source "ChessBase"]
[SourceDate "2009.11.30"]
[SourceVersion "1"]
[SourceVersionDate "2009.11.30"]
[SourceQuality "1"]

1. e4 e5 2. Nf3 Nc6 3. c3 d5 4. Qa4 Nf6 5. Bb5 Bd7 6. exd5 Nxd5 7. Qb3 Bg4 8.
Nxe5 Qd6 9. Nxg4 Qe7+ 10. Ne3 Nxe3 11. dxe3 Qe4 12. O-O Bd6 13. Nd2 Qh4 14. Nf3
Qh5 15. Bxc6+ bxc6 16. Qb7 O-O 17. Qxc6 Rae8 18. b4 Re6 19. Qa4 g5 20. Qb5 Rf6
21. Qxg5+ Qxg5 22. Nxg5 Kh8 23. c4 Rg6 24. Ne4 Be5 25. Rb1 Rfg8 26. g3 h5 27.
f4 Bd6 28. Bb2+ Kh7 29. Nf6+ Rxf6 30. Bxf6 Rg6 31. Bd4 h4 32. Kg2 hxg3 33. hxg3
Rxg3+ 1-0

[Event "SLO-ch U12"]
[Site "Postojna"]
[Date "2008.02.28"]
[Round "6"]
[White "Gnidovec, Tilen"]
[Black "Pahor, Kristjan"]
[Result "1-0"]
[WhiteElo "1500"]
[BlackElo "1500"]
[PlyCount "55"]
[EventDate "2008.02.24"]
[EventType "swiss"]
[EventRounds "9"]
[EventCountry "SLO"]
[SourceTitle "EXT 2010"]
[Source "ChessBase"]
[SourceDate "2009.11.30"]
[SourceVersion "1"]
[SourceVersionDate "2009.11.30"]
[SourceQuality "1"]

1. e4 e5 2. Nf3 Nc6 3. c3 Nf6 4. d4 exd4 5. e5 Ng4 6. cxd4 d5 7. Bb5 Be7 8. Nc3
a6 9. Bxc6+ bxc6 10. O-O O-O 11. h3 Nh6 12. Bxh6 gxh6 13. Qd2 Bg5 14. Nxg5 hxg5
15. f4 h6 16. Rf3 f6 17. Rg3 fxe5 18. dxe5 Rf5 19. h4 Kf8 20. fxg5 hxg5 21.
hxg5 Rxe5 22. g6 Be6 23. Rf1+ Kg7 24. Qf4 Qd6 25. Qf6+ Kh6 26. g7+ Kh7 27. Qh4+
Kg8 28. Qh8# 1-0

[Event "SLO-ch U10"]
[Site "Postojna"]
[Date "2008.02.28"]
[Round "6"]
[White "Cretnik, Urban"]
[Black "Gricnik, Tine"]
[Result "1/2-1/2"]
[WhiteElo "1511"]
[BlackElo "1500"]
[PlyCount "80"]
[EventDate "2008.02.24"]
[EventType "swiss"]
[EventRounds "9"]
[EventCountry "SLO"]
[SourceTitle "EXT 2010"]
[Source "ChessBase"]
[SourceDate "2009.11.30"]
[SourceVersion "1"]
[SourceVersionDate "2009.11.30"]
[SourceQuality "1"]

1. e4 e5 2. Nf3 Nc6 3. c3 d5 4. Qa4 dxe4 5. Nxe5 Qd5 6. Nxc6 bxc6 7. Bc4 Qd6 8.
O-O Nf6 9. d3 Bd7 10. dxe4 Nxe4 11. Re1 Bf5 12. f3 Qc5+ 13. Be3 Qd6 14. fxe4
Bxe4 15. Bf2 Qe5 16. Qxc6+ Bxc6 17. Rxe5+ Be7 18. Bc5 O-O-O 19. Rxe7 Rd1+ 20.
Bf1 Bb5 21. Rxf7 Re8 22. h3 Ree1 23. Kh2 Bxf1 24. Rxg7 Rxb1 25. Rxb1 Rxb1 26.
Ba3 h5 27. Rg5 Be2 28. Re5 Bd1 29. Re1 Bc2 30. Rxb1 Bxb1 31. Kg3 Bxa2 32. Kh4
Bf7 33. g4 hxg4 34. hxg4 Kd7 35. Kg5 Ke6 36. Kh6 Be8 37. Bc5 a6 38. g5 Kf7 39.
g6+ Kg8 40. g7 Bf7 1/2-1/2

[Event "FICS rated standard game"]
[Site "FICS freechess.org"]
[Date "2008.02.27"]
[Round "?"]
[White "marksimkin"]
[Black "feroz"]
[Result "0-1"]
[WhiteElo "2087"]
[BlackElo "2238"]
[PlyCount "52"]
[EventDate "2008.??.??"]
[SourceTitle "OM Portal C 201906"]
[Source "Opening Master"]
[SourceDate "2019.06.27"]
[SourceVersion "1"]
[SourceVersionDate "2019.06.27"]
[SourceQuality "1"]

1. e4 e5 2. Nf3 Nc6 3. c3 Nf6 4. d4 exd4 5. e5 Ne4 6. Qe2 f5 7. exf6 d5 8. Nxd4
Nxd4 9. cxd4 Kf7 10. fxg7 Bb4+ 11. Kd1 Re8 12. Qh5+ Kxg7 13. Be3 Qf6 14. f3 Bf5
15. a3 Ng5 16. axb4 Rxe3 17. Nd2 Rae8 18. Qh4 Re1+ 19. Qxe1 Rxe1+ 20. Kxe1 Qxd4
21. Be2 Qxb2 22. Rxa7 Qc1+ 23. Bd1 Bc2 24. Ke2 Ne6 25. Ra2 Nd4+ 26. Ke3 Bb1 0-1

[Event "SLO-ch U14"]
[Site "Postojna"]
[Date "2008.02.26"]
[Round "3"]
[White "Lucovnik, Tilen"]
[Black "Jordan, Marko"]
[Result "1-0"]
[WhiteElo "1523"]
[BlackElo "1500"]
[PlyCount "71"]
[EventDate "2008.02.24"]
[EventType "swiss"]
[EventRounds "9"]
[EventCountry "SLO"]
[SourceTitle "EXT 2010"]
[Source "ChessBase"]
[SourceDate "2009.11.30"]
[SourceVersion "1"]
[SourceVersionDate "2009.11.30"]
[SourceQuality "1"]

1. e4 e5 2. Nf3 Nc6 3. c3 d6 4. Be2 Bg4 5. O-O Nf6 6. d4 Nxe4 7. d5 Ne7 8. Qa4+
Qd7 9. Qxe4 f5 10. Qc4 Bxf3 11. Bxf3 O-O-O 12. Be3 b6 13. a4 f4 14. Bd2 g5 15.
Qa6+ Kb8 16. Na3 g4 17. Nb5 Nc8 18. Bxg4 Qxg4 19. f3 Qg7 20. a5 Rg8 21. Rf2 h5
22. Nxa7 Nxa7 23. axb6 cxb6 24. Qxb6+ Qb7 25. Qxd8+ Nc8 26. b4 h4 27. Qxh4 Nb6
28. Qd8+ Nc8 29. Qa5 Be7 30. Qa6 Bd8 31. Qxb7+ Kxb7 32. Kf1 Nb6 33. Ra5 Nc4 34.
Rb5+ Ka7 35. Bc1 Bh4 36. Ra2+ 1-0

[Event "IECC Swiss-514.4.01"]
[Site "IECC email"]
[Date "2008.02.26"]
[Round "?"]
[White "Laine, Jari"]
[Black "Krunski, Jan Maria"]
[Result "1/2-1/2"]
[WhiteElo "1565"]
[BlackElo "1800"]
[PlyCount "63"]
[EventDate "2008.??.??"]
[EventType "match (corr)"]
[SourceTitle "OM Corr 202003"]
[Source "Opening Master"]
[SourceDate "2019.05.30"]
[SourceVersion "2"]
[SourceVersionDate "2019.05.30"]
[SourceQuality "1"]

1. e4 e5 2. Nf3 Nc6 3. c3 Nf6 4. d4 exd4 5. e5 Nd5 6. Qb3 Nb6 7. cxd4 d5 8. a3
Bg4 9. Be3 Bxf3 10. gxf3 Qh4 11. Bb5 Be7 12. Bxc6+ bxc6 13. Nd2 f6 14. f4 O-O
15. O-O-O fxe5 16. fxe5 Qh3 17. Rdg1 Qe6 18. Qc2 Rab8 19. Rg3 Bh4 20. Rg2 g6
21. Rhg1 Kg7 22. f3 Nc4 23. Nxc4 dxc4 24. Qe4 Rb3 25. Bd2 Be7 26. f4 Kh8 27.
Rg3 Rb6 28. Bc3 Qd5 29. Qc2 Qe6 30. Rf1 Rf5 31. Qg2 Kg8 32. Qh3 1/2-1/2

[Event "SLO-ch U10"]
[Site "Postojna"]
[Date "2008.02.25"]
[Round "3"]
[White "Cretnik, Urban"]
[Black "Jarc, Jakob"]
[Result "1-0"]
[WhiteElo "1511"]
[BlackElo "1500"]
[PlyCount "106"]
[EventDate "2008.02.24"]
[EventType "swiss"]
[EventRounds "9"]
[EventCountry "SLO"]
[SourceTitle "EXT 2010"]
[Source "ChessBase"]
[SourceDate "2009.11.30"]
[SourceVersion "1"]
[SourceVersionDate "2009.11.30"]
[SourceQuality "1"]

1. e4 e5 2. Nf3 Nc6 3. c3 Nf6 4. d4 exd4 5. e5 Ng4 6. cxd4 d5 7. Be2 Bb4+ 8.
Bd2 Bxd2+ 9. Qxd2 O-O 10. O-O f6 11. h3 Nh6 12. exf6 Qxf6 13. Nc3 Qg6 14. Bd3
Nf5 15. Nxd5 Qf7 16. Bxf5 Bxf5 17. Ne3 Qg6 18. Nxf5 Rxf5 19. Nh4 Qg5 20. Qxg5
Rxg5 21. Nf3 Rb5 22. b3 Rd8 23. Rac1 Nxd4 24. Nxd4 Rxd4 25. Rxc7 h6 26. Re1 Rd6
27. Ree7 Rg6 28. Rxb7 Rxb7 29. Rxb7 a6 30. g3 Rd6 31. Kg2 Kh7 32. a4 a5 33. b4
axb4 34. Rxb4 Ra6 35. Kf3 Rf6+ 36. Rf4 Rb6 37. a5 Rb3+ 38. Kg4 Kg6 39. Ra4 h5+
40. Kf4 Kh6 41. a6 g5+ 42. Kf5 Rb8 43. a7 Ra8 44. Ra6+ Kh7 45. Kf6 Kh6 46. Ke7+
Kg7 47. Kd7 Kf7 48. Kc7 Ke7 49. Kb7 Rf8 50. a8=Q Rxa8 51. Kxa8 Kd7 52. Ra5 Kc6
53. Rxg5 h4 1-0

[Event "SLO-ch U12"]
[Site "Postojna"]
[Date "2008.02.25"]
[Round "2"]
[White "Gnidovec, Tilen"]
[Black "Opara, Jan"]
[Result "0-1"]
[WhiteElo "1500"]
[BlackElo "1661"]
[PlyCount "74"]
[EventDate "2008.02.24"]
[EventType "swiss"]
[EventRounds "9"]
[EventCountry "SLO"]
[SourceTitle "EXT 2010"]
[Source "ChessBase"]
[SourceDate "2009.11.30"]
[SourceVersion "1"]
[SourceVersionDate "2009.11.30"]
[SourceQuality "1"]

1. e4 e5 2. Nf3 Nc6 3. c3 d5 4. Qa4 f6 5. Bb5 Nge7 6. O-O dxe4 7. Qxe4 Bf5 8.
Bxc6+ bxc6 9. Qa4 Bd3 10. Re1 Qd7 11. b4 Nd5 12. Bb2 Nf4 13. Qa5 Qg4 14. g3
Qxf3 15. gxf4 Be4 16. Rxe4 Qxe4 17. Qxc7 exf4 18. Na3 f3 19. Kf1 Qd3+ 20. Kg1
Qg6+ 21. Qg3 Bd6 22. Qxg6+ hxg6 23. Nc4 Bxh2+ 24. Kh1 O-O-O 25. a4 Bf4+ 26. Kg1
Bxd2 27. b5 Rd3 28. bxc6 Bxc3 29. Bxc3 Rxc3 30. Nd6+ Kb8 31. Rb1+ Ka8 32. Nb5
Rxc6 33. a5 Rb8 34. a6 Rc5 35. Nc7+ Rxc7 36. Re1 Rh8 37. Rd1 Re8 0-1

[Event "KP 2007/2008 MSA A-Frycovice"]
[Site "Dolni Benesov"]
[Date "2008.02.24"]
[Round "8.6"]
[White "Blecha, Zdenek"]
[Black "Vitasek, Jan"]
[Result "1-0"]
[WhiteElo "1961"]
[BlackElo "2109"]
[PlyCount "113"]
[EventDate "2008.02.24"]
[EventType "tourn"]
[SourceTitle "OM OTB B 201907"]
[Source "Opening Master"]
[SourceDate "2019.07.06"]
[SourceVersion "2"]
[SourceVersionDate "2019.07.06"]
[SourceQuality "1"]

1. e4 e5 2. Nf3 Nc6 3. c3 Be7 4. d4 d6 5. dxe5 dxe5 6. Qxd8+ Bxd8 7. Bb5 Bd7 8.
O-O Nge7 9. h3 O-O 10. Rd1 Be6 11. Be3 a6 12. Ba4 b6 13. Nbd2 h6 14. Bb3 Bc8
15. a3 Kh7 16. Ne1 f5 17. f3 Na5 18. Ba2 Nb7 19. Bf2 Nd6 20. exf5 Nexf5 21. Nc4
Bf6 22. Nxd6 Nxd6 23. Bxb6 cxb6 24. Rxd6 Rb8 25. Bb1+ Kh8 26. Be4 Be7 27. Rd3
Be6 28. Nc2 Bb3 29. Nb4 a5 30. Nc6 Bc5+ 31. Kh1 Rbe8 32. Rd7 Ba4 33. Rb7 Rf6
34. b4 Be3 35. Na7 Bd2 36. c4 Bb3 37. c5 Bc4 38. Rxb6 Rxb6 39. cxb6 axb4 40.
axb4 Bxb4 41. Ra4 Bc5 42. Rxc4 Bxb6 43. Rc8 Rxc8 44. Nxc8 Bc7 45. Ne7 g5 46. g4
Kg7 47. Nf5+ Kg6 48. Kg2 Ba5 49. Kf2 Bb4 50. Ke2 h5 51. Ng3+ Kf6 52. Nxh5+ Ke7
53. Kd3 Kd6 54. Ba8 Ke6 55. Ke4 Bd2 56. Bd5+ Kd6 57. Bb3 1-0